000
00285nam a2200121 a 4500
008
100916s1985|||| d
100
1
_a
Dumas, Alexander
245
1
0
_a
Kráľovnin náhrdelník
260
_b
Tatran
_a
Bratislava
_c
1985
020
_c
44
044
_a
xo
_c
SK
041
_a
slo
999
_c
10342
_d
10342